000 00452nam a22001817a 4500
003 MPLRDC
005 20220104114121.0
008 210129b ||||| |||| 00| 0 eng d
020 _a962-226-239-2
082 _a782.886 LP v.1
100 _a李国强等 编著
245 _a李鹏传. 第一集
_c
250 _a再版
260 _a
_b广角镜出版社有限公司
_c1989
300 _b
650 _a李鹏传记
942 _cBK
_o782.886 LP v.1
999 _c4948
_d4938